[Event "AUTO-OPEN-3131"]
[Site "http://www.queenalice.com/game.php?id=1236117"]
[Date "2013.11.28"]
[Round "1"]
[White "grautvornix"]
[Black "juresmarc87"]
[Result "0-1"]
[WhiteElo "1843"]
[BlackElo "2162"]

1. Nf3 Nf6 2. b4 g6 3. Bb2 Bg7 4. c4 O-O 5. d3 d5 6. Nc3 dxc4 7. dxc4 c5 8. b5
Qc7 9. g3 Nbd7 10. Rb1 Rd8 11. Qb3 Nb6 12. Bg2 Be6 13. O-O Nxc4 14. Qc2 Nxb2 15.
Qxb2 Ne4 16. Qc1 Nxc3 17. Rb2 Nxa2 18. Rxa2 Bxa2 19. e3 Be6 20. Nh4 c4 21. Nf3
c3 22. Nd4 Bxd4 23. exd4 Rxd4 24. Re1 Rc8 25. h4 c2 26. Kh2 Rcd8 27. Bf3 Bg4 28.
Bxg4 Rxg4 29. Kg2 Rc4 0-1

[Event "AUTO-OPEN-3131"]
[Site "http://www.queenalice.com/game.php?id=1236118"]
[Date "2013.11.28"]
[Round "1"]
[White "juresmarc87"]
[Black "grautvornix"]
[Result "1-0"]
[WhiteElo "2164"]
[BlackElo "1840"]

1. Nf3 c5 2. c4 b6 3. g3 Bb7 4. Bg2 g6 5. O-O Bg7 6. Nc3 e6 7. d4 Ne7 8. dxc5
bxc5 9. Qb3 Bc6 10. Nb5 Bxb5 11. cxb5 O-O 12. Bg5 h6 13. Bxe7 Qxe7 14. Nh4 d5
15. e4 c4 16. Qc2 Nd7 17. exd5 exd5 18. Bxd5 Rac8 19. Nxg6 Qd6 20. Rad1 Qb4 21.
Nxf8 Rxf8 22. Bxc4 Nb6 23. b3 Bc3 24. Qe4 Nxc4 25. Qxc4 Qxc4 26. bxc4 Bb4 27.
Rd7 Bc5 28. a4 Rc8 29. Rfd1 Kg7 30. a5 Kf6 31. Rb7 Bb4 32. a6 Rxc4 33. b6 Rc6
34. bxa7 Rxa6 35. Rb6+ 1-0

[Event "AUTO-OPEN-3131"]
[Site "http://www.queenalice.com/game.php?id=1236137"]
[Date "2013.11.28"]
[Round "1"]
[White "juresmarc87"]
[Black "AfeuLira"]
[Result "1-0"]
[WhiteElo "2166"]
[BlackElo "2073"]

1. d4 d5 2. Nf3 c5 3. c4 dxc4 4. e3 cxd4 5. exd4 Nf6 6. Bxc4 e6 7. O-O Be7 8.
Nc3 O-O 9. Bf4 a6 10. d5 exd5 11. Nxd5 Nxd5 12. Bxd5 Bf6 13. Qb3 Nc6 14. Rad1
Qe7 15. Bd6 Qe8 16. Rfe1 Qd8 17. Bxf8 Qxf8 18. Bxf7+ Kh8 19. Re8 Qxe8 20. Bxe8
g6 21. Qf7 Bg7 22. Bxc6 Bf5 23. Qxb7 Rf8 24. Ng5 h6 25. Nf7+ Kh7 26. Rd8 Rxd8
27. Nxd8 h5 28. Be4 Bxe4 29. Qxe4 Bxb2 30. Qb7+ Kg8 31. Qxb2 Kf8 32. Qf6+ Ke8
33. Nc6 Kd7 34. Qxg6 a5 35. f4 a4 36. Ne5+ 1-0

[Event "AUTO-OPEN-3131"]
[Site "http://www.queenalice.com/game.php?id=1236138"]
[Date "2013.11.28"]
[Round "1"]
[White "AfeuLira"]
[Black "juresmarc87"]
[Result "1-0"]
[WhiteElo "2122"]
[BlackElo "2192"]

1. d4 Nf6 2. c4 e6 3. Nc3 Bb4 4. Bd2 O-O 5. Qb3 c5 6. a3 Bxc3 7. Bxc3 cxd4 8.
Bxd4 Nc6 9. Bc3 d5 10. cxd5 Qxd5 11. Qc2 Rd8 12. Rd1 Qxd1+ 13. Qxd1 Rxd1+ 14.
Kxd1 e5 15. f3 Nd5 16. Kd2 Be6 17. e4 Nf4 18. Kc2 Rc8 19. Ne2 Ng6 20. g3 Bc4 21.
Kd2 Rd8+ 22. Ke1 b5 23. h4 h5 24. Nc1 Bxf1 25. Rxf1 a5 26. Na2 Nf8 27. Rf2 f6
28. Rd2 Rxd2 29. Kxd2 Ne6 30. Ke3 Ned4 31. Nc1 Kf7 32. Nd3 Ke7 33. f4 Kd6 34.
Nf2 b4 35. axb4 axb4 36. Bd2 Nb3 37. Be1 exf4+ 38. gxf4 Kc5 39. Nd3+ Kc4 40. e5
Nbd4 41. Ke4 f5+ 42. Ke3 Nc2+ 43. Kd2 N2d4 44. Ke3 b3 45. Bc3 Ne6 46. Nf2 Ne7
47. Nh3 Nd5+ 48. Kd2 Nxc3 49. bxc3 1-0

[Event "AUTO-OPEN-3043"]
[Site "http://www.queenalice.com/game.php?id=1249307"]
[Date "2014.1.18"]
[Round "2"]
[White "juresmarc87"]
[Black "JORGESILVA19D"]
[Result "1-0"]
[WhiteElo "2219"]
[BlackElo "2231"]

1. Nf3 f5 2. g3 Nf6 3. Bg2 e6 4. d4 d5 5. O-O c6 6. Bf4 Be7 7. Nc3 O-O 8. Qd2
Ne4 9. Qe1 Nd7 10. a3 Ndf6 11. Ne5 Bd7 12. Nxe4 Nxe4 13. c4 Be8 14. Rc1 Bh5 15.
f3 Nd6 16. c5 Nf7 17. Nd3 g5 18. Bd2 Bf6 19. e3 Bg6 20. Ba5 Qe7 21. Bc3 f4 22.
e4 Qc7 23. g4 Rfe8 24. Nf2 e5 25. dxe5 Bxe5 26. exd5 Bxc3 27. Qxc3 cxd5 28. Qd4
Rad8 29. b4 Ne5 30. Rfd1 Nc4 31. a4 Ne3 32. Re1 Re5 33. Nd3 Bxd3 34. Qxd3 Rde8
35. b5 Qa5 36. Qb3 Nc4 37. Rxe5 Rxe5 38. Bf1 Re3 39. Qd1 Nd2 40. Bg2 Re5 41. Kh1
Nc4 42. Bf1 Nd2 43. c6 bxc6 44. bxc6 Nc4 45. Qd4 Kf8 46. Qxe5 Nxe5 47. c7 Ke7
48. c8=Q Nc4 49. Bxc4 dxc4 50. Rd1 Qxa4 51. Qc7+ 1-0

[Event "AUTO-OPEN-3043"]
[Site "http://www.queenalice.com/game.php?id=1249308"]
[Date "2014.1.18"]
[Round "2"]
[White "JORGESILVA19D"]
[Black "juresmarc87"]
[Result "1-0"]
[WhiteElo "2225"]
[BlackElo "2217"]

1. e4 c5 2. Nf3 d6 3. d4 cxd4 4. Nxd4 Nf6 5. Nc3 a6 6. a4 Nbd7 7. Be2 Nc5 8. f3
e5 9. Nb3 Nxb3 10. cxb3 Be7 11. Be3 O-O 12. a5 Be6 13. O-O h6 14. f4 exf4 15.
Bxf4 b5 16. Bf3 Rc8 17. Be3 Qd7 18. Bd4 b4 19. Nd5 Nxd5 20. exd5 Bf5 21. Rc1
Rxc1 22. Qxc1 Bd3 23. Re1 Rc8 24. Qe3 Bh4 25. g3 Bxg3 26. hxg3 Bb5 27. g4 Rc2
28. Qf4 Qd8 29. Be4 Rc7 30. Bb6 Qh4 31. Bf2 Qh3 32. g5 h5 33. Bf5 Qxb3 34. Qxd6
g6 35. Bxg6 Rc8 36. Bxf7+ Kxf7 37. Re7+ Kg8 38. Qg6+ 1-0

[Event "AUTO-MASTER-1904"]
[Site "http://www.queenalice.com/game.php?id=1263576"]
[Date "2014.3.9"]
[Round "2"]
[White "RenanReis"]
[Black "juresmarc87"]
[Result "0-1"]
[WhiteElo "2109"]
[BlackElo "2249"]

1. e4 c5 2. Nf3 d6 3. d4 cxd4 4. Nxd4 a6 5. c4 Nc6 6. Nc3 e5 7. Nde2 Be6 8. b3
Nf6 9. g3 Be7 10. Bg2 O-O 11. O-O h6 12. Nd5 Bxd5 13. exd5 Nb8 14. h3 Nbd7 15.
Be3 Re8 16. f4 b5 17. cxb5 exf4 18. Nxf4 axb5 19. Bd4 Qa5 20. Nh5 Nxh5 21. Qxh5
Bf6 22. Bxf6 Nxf6 23. Rxf6 gxf6 24. Rf1 Qb6+ 25. Kh2 Rxa2 26. Rxf6 Qa7 27. h4
Ree2 28. Rxh6 Rxg2+ 29. Kh3 Rh2+ 30. Kg4 Qd4+ 0-1

[Event "AUTO-MASTER-1904"]
[Site "http://www.queenalice.com/game.php?id=1263577"]
[Date "2014.3.9"]
[Round "2"]
[White "juresmarc87"]
[Black "RenanReis"]
[Result "0-1"]
[WhiteElo "2219"]
[BlackElo "2117"]

1. Nf3 c5 2. c4 Nf6 3. Nc3 g6 4. e4 d6 5. Bd3 Bg7 6. h3 Nc6 7. a3 O-O 8. O-O e5
9. Bc2 h6 10. d3 Be6 11. Nd5 a6 12. Rb1 b5 13. b3 Rb8 14. Be3 Nd4 15. Bxd4 exd4
16. Qe2 Bxd5 17. cxd5 Re8 18. Qd2 g5 19. b4 Nh5 20. bxc5 dxc5 21. a4 Nf4 22.
axb5 axb5 23. h4 Qd7 24. Bd1 f6 25. hxg5 fxg5 26. g3 Ng6 27. Qc2 g4 28. Nd2 Rbc8
29. Qb3 Rb8 30. d6+ Kh7 31. e5 Nxe5 32. Ne4 c4 33. dxc4 Nxc4 34. Qd3 Kh8 35. Bc2
Ne5 36. Qd1 Qc6 37. Nd2 d3 38. Bb3 Qxd6 39. Ra1 Qb4 0-1

[Event "AUTO-MASTER-1904"]
[Site "http://www.queenalice.com/game.php?id=1263584"]
[Date "2014.3.9"]
[Round "2"]
[White "juresmarc87"]
[Black "vivafischer"]
[Result "1-0"]
[WhiteElo "2186"]
[BlackElo "2099"]

1. e4 e6 2. d4 d5 3. Nd2 Nf6 4. e5 Nfd7 5. c3 c5 6. f4 Nc6 7. Ngf3 c4 8. a4 Nb6
9. b4 cxb3 10. Qxb3 Be7 11. Bb5 O-O 12. Bxc6 bxc6 13. a5 Nd7 14. a6 c5 15. O-O
Rb8 16. Qc2 Rb6 17. Ng5 g6 18. Qd3 c4 19. Qh3 Bxg5 20. fxg5 Rxa6 21. Ba3 Re8 22.
Rxf7 1-0

[Event "AUTO-MASTER-1904"]
[Site "http://www.queenalice.com/game.php?id=1263585"]
[Date "2014.3.9"]
[Round "2"]
[White "vivafischer"]
[Black "juresmarc87"]
[Result "0-1"]
[WhiteElo "1807"]
[BlackElo "2218"]

1. d4 Nf6 2. c4 e6 3. Nc3 Bb4 4. f3 d5 5. a3 Be7 6. cxd5 exd5 7. e4 dxe4 8. fxe4
c6 9. Nf3 O-O 10. Bc4 Bg4 11. O-O Nbd7 12. Bg5 Qb6 13. Kh1 Qxb2 14. Na4 Qxa1 15.
Qxa1 b5 16. e5 bxc4 17. exf6 gxf6 18. Bh6 Rfb8 19. Qe1 Bd6 20. Qe4 Be6 21. Qxc6
Bxa3 22. Qc7 Nf8 23. Qg3+ Ng6 24. Nh4 Rb3 25. Qf2 Be7 26. Nf5 Bxf5 27. Qxf5 Rab8
28. Nc5 R3b5 29. h4 Nxh4 30. Qe4 Ng6 31. Nd7 f5 32. Qe2 R8b7 33. Ne5 c3 34. Qc2
Rc7 35. Qxf5 Bd6 36. Qf6 Bf8 37. Bxf8 Nxf8 38. Qg5+ Kh8 39. Rxf7 Ne6 40. Qg4
Rb1+ 41. Kh2 Rf1 42. Rxf1 Re7 0-1

[Event "AUTO-OPEN-3131"]
[Site "http://www.queenalice.com/game.php?id=1267387"]
[Date "2014.3.22"]
[Round "2"]
[White "juresmarc87"]
[Black "Sambafor"]
[Result "1-0"]
[WhiteElo "2205"]
[BlackElo "2233"]

1. c4 g6 2. d4 Bg7 3. Nf3 d6 4. e3 Nc6 5. Nc3 e5 6. Be2 f5 7. O-O e4 8. Nd2 Nf6
9. f4 exf3 10. Nxf3 O-O 11. a3 d5 12. cxd5 Nxd5 13. Bc4 Ne7 14. Qb3 c6 15. Bd2
h6 16. Rac1 Kh7 17. Bxd5 Nxd5 18. Nxd5 cxd5 19. Rc5 Be6 20. Qxb7 Rf7 21. Qc6 Re7
22. Ba5 Qd7 23. Qxa8 1-0

[Event "AUTO-OPEN-3131"]
[Site "http://www.queenalice.com/game.php?id=1267388"]
[Date "2014.3.22"]
[Round "2"]
[White "Sambafor"]
[Black "juresmarc87"]
[Result "0-1"]
[WhiteElo "2213"]
[BlackElo "2238"]

1. d4 Nf6 2. c4 e6 3. Nc3 Be7 4. e4 Bb4 5. Bd3 d5 6. Qa4+ Nc6 7. e5 Bxc3+ 8.
bxc3 Nd7 9. f4 Nb6 10. Qb5 a6 11. Qc5 Nd7 12. Qa3 dxc4 13. Bxc4 Nb6 14. Bb3 a5
15. Nf3 a4 16. Bc2 Qd5 17. O-O Nc4 18. Qc5 Qxc5 19. dxc5 Ra5 20. Nd4 Rxc5 21.
Bxa4 Bd7 22. Bb3 O-O 23. Rd1 Ra8 24. Kf2 Ne7 25. Bxc4 Rxc4 26. Bd2 Nd5 27. Rdc1
c5 28. Ne2 h5 29. g3 Bb5 30. Rcb1 Bc6 31. a3 Kh7 32. Rb2 Kg6 33. Rc2 Nb4 34.
cxb4 Rxc2 35. Ke3 Rc4 36. bxc5 Rca4 37. Bc1 Re4+ 38. Kf2 Rd8 39. Be3 Rd3 40. Bc1
Rc4 41. Be3 Rc2 42. a4 Rb3 43. Bc1 Bf3 0-1

[Event "AUTO-OPEN-3131"]
[Site "http://www.queenalice.com/game.php?id=1267389"]
[Date "2014.3.22"]
[Round "2"]
[White "juresmarc87"]
[Black "serrameira"]
[Result "1-0"]
[WhiteElo "2212"]
[BlackElo "1974"]

1. e4 e5 2. Nf3 Nc6 3. Bb5 a6 4. Ba4 Nf6 5. d3 b5 6. Bb3 Bd6 7. O-O Na5 8. Nbd2
Nxb3 9. Nxb3 c5 10. Bg5 h6 11. Be3 Qc7 12. Bd2 Bb7 13. Ba5 Qc8 14. Nh4 Bc7 15.
Nf5 Bxa5 16. Nd6+ 1-0

[Event "AUTO-OPEN-3131"]
[Site "http://www.queenalice.com/game.php?id=1267390"]
[Date "2014.3.22"]
[Round "2"]
[White "serrameira"]
[Black "juresmarc87"]
[Result "0-1"]
[WhiteElo "1983"]
[BlackElo "2231"]

1. e4 c5 2. Nf3 d6 3. d4 cxd4 4. Nxd4 a6 5. Nc3 Nc6 6. Be3 Bd7 7. Bd3 Nf6 8. Nd5
Nxd5 9. exd5 Qa5+ 10. Bd2 Qxd5 11. Nf3 g6 12. O-O Bg7 13. Bc3 e5 14. Re1 O-O 15.
Be4 Qe6 16. Re3 Bh6 17. Re2 Rad8 18. Bd5 Qe7 19. Re4 Bf5 20. Re2 Bg4 21. Re4 Bf5
22. Bxc6 bxc6 23. Re2 Qb7 24. Ba5 Rd7 25. b3 c5 26. Nh4 Bg4 27. f3 Be6 28. Bd2
Bg7 29. Qc1 f6 30. Bh6 Qb4 31. Bxg7 Kxg7 32. g3 d5 33. c3 Qb6 34. Ng2 Re8 35.
Kh1 d4 36. c4 d3 37. Rd2 Red8 38. Ne1 e4 39. Qc3 Qc6 40. Kg2 exf3+ 41. Nxf3 Bg4
42. Rf2 d2 43. Qc2 d1=Q 0-1

[Event "AUTO-OPEN-3043"]
[Site "http://www.queenalice.com/game.php?id=1285754"]
[Date "2014.6.3"]
[Round "3"]
[White "ChessColossos"]
[Black "juresmarc87"]
[Result "0-1"]
[WhiteElo "1617"]
[BlackElo "2236"]

1. e4 c5 2. Nf3 d6 3. d4 cxd4 4. Nxd4 Nf6 5. Nc3 a6 6. Bg5 Nbd7 7. Bxf6 Nxf6 8.
Be2 e5 9. Nf3 Be6 10. O-O h6 0-1

[Event "AUTO-OPEN-3043"]
[Site "http://www.queenalice.com/game.php?id=1285755"]
[Date "2014.6.3"]
[Round "3"]
[White "juresmarc87"]
[Black "ChessColossos"]
[Result "1-0"]
[WhiteElo "2237"]
[BlackElo "1615"]

1. e4 e5 2. Nf3 Nc6 3. Bb5 d6 4. O-O Bd7 5. c3 Nf6 6. Re1 a6 7. Ba4 Be7 8. Bc2
O-O 9. d4 exd4 10. cxd4 Bg4 11. Be3 1-0

[Event "AUTO-OPEN-3043"]
[Site "http://www.queenalice.com/game.php?id=1285758"]
[Date "2014.6.3"]
[Round "3"]
[White "juresmarc87"]
[Black "JORGESILVA19D"]
[Result "0-1"]
[WhiteElo "2257"]
[BlackElo "2163"]

1. c4 f5 2. Nf3 Nf6 3. d3 e6 4. Nc3 c6 5. Bg5 Be7 6. g3 d5 7. Bg2 O-O 8. O-O
Nbd7 9. Rc1 Ng4 10. Bd2 Nde5 11. Nxe5 Nxe5 12. cxd5 exd5 13. Qb3 Kh8 14. Na4 Qe8
15. h3 Qh5 16. Bf4 Nd7 17. Rfe1 Nf6 18. Nc5 b6 19. Na4 Bd7 20. Nc3 d4 21. Nb1 c5
22. Nd2 Rae8 23. Nc4 Bc8 24. Ne5 g5 25. Bf3 Ng4 26. hxg4 fxg4 27. Bc6 gxf4 28.
Nf7+ Rxf7 29. Bxe8 Bb7 0-1

[Event "AUTO-OPEN-3043"]
[Site "http://www.queenalice.com/game.php?id=1285759"]
[Date "2014.6.3"]
[Round "3"]
[White "JORGESILVA19D"]
[Black "juresmarc87"]
[Result "1-0"]
[WhiteElo "2178"]
[BlackElo "2242"]

1. e4 c5 2. Nf3 d6 3. d4 cxd4 4. Nxd4 Nf6 5. Nc3 a6 6. a4 e5 7. Nb3 Be6 8. Be2
d5 9. exd5 Nxd5 10. O-O Nc6 11. Ne4 Nf6 12. Nxf6+ Qxf6 13. Bf3 Be7 14. Be3 Bc4
15. Nc5 Bxc5 16. Bxc5 Bxf1 17. Kxf1 Rd8 18. Qe1 Qe6 19. Qc3 f6 20. Re1 Kf7 21.
Be2 Ne7 22. Qb4 Rd7 23. f4 Rhd8 24. fxe5 Nc6 25. Qe4 Nxe5 26. Qxh7 Rd2 27. Bh5+
1-0

[Event "AUTO-OPEN-3131"]
[Site "http://www.queenalice.com/game.php?id=1296619"]
[Date "2014.7.22"]
[Round "3"]
[White "juresmarc87"]
[Black "hjs"]
[Result "0-1"]
[WhiteElo "2228"]
[BlackElo "2472"]

1. c4 e6 2. Nc3 Nf6 3. d4 d5 4. Nf3 Nbd7 5. Bg5 Be7 6. e3 O-O 7. Bd3 dxc4 8.
Bxc4 a6 9. O-O b5 10. Bd3 Bb7 11. a3 c5 12. Ne5 Nxe5 13. dxe5 Nd7 14. Bxe7 Qxe7
0-1

[Event "AUTO-OPEN-3131"]
[Site "http://www.queenalice.com/game.php?id=1296620"]
[Date "2014.7.22"]
[Round "3"]
[White "hjs"]
[Black "juresmarc87"]
[Result "1-0"]
[WhiteElo "2475"]
[BlackElo "2223"]

1. e4 c5 2. Nf3 d6 3. d4 cxd4 4. Nxd4 Nf6 5. Nc3 a6 6. Be3 e5 7. Nf3 Be6 8. Ng5
Bd7 9. Bc4 d5 10. Nxd5 Nxd5 11. Qxd5 Be6 12. Nxe6 fxe6 13. Qxe6+ Qe7 14. Qc8+
1-0